书目信息 |
| 题名: |
降低血脂100法
|
|
| 作者: | 李成卫 主编 ;黄佳 , 金芬芳 副主编 | |
| 分册: | ||
| 出版信息: | 北京 中国纺织出版社 2009.06 |
|
| 页数: | 96页 | |
| 开本: | 24cm | |
| 丛书名: | 家庭保健百科 | |
| 单 册: | ||
| 中图分类: | R589.2 | |
| 科图分类: | ||
| 主题词: | 高血脂病--防治 | |
| 电子资源: | ||
| ISBN: | 978-7-5064-5682-1 | |
| 000 | 00917nam 2200253 450 | |
| 005 | 20100806145851.73 | |
| 010 | @a978-7-5064-5682-1@dCNY16.00 | |
| 100 | @a20100515d2009 em y0chiy0110 ea | |
| 101 | 0 | @achi |
| 102 | @aCN@b110000 | |
| 105 | @aa z 000yy | |
| 200 | 1 | @a降低血脂100法@Ajiang di xue zhi 100 fa@f李成卫主编@Fli cheng wei zhu bian@g黄佳, 金芬芳副主编@Ghuang jia,jin fen fang fu zhu bian |
| 210 | @a北京@c中国纺织出版社@d2009.06 | |
| 215 | @a96页@c图@d24cm | |
| 225 | 2 | @a家庭保健百科 |
| 330 | @a本书共分八章,介绍了降低血脂的方法,包括良好的生活习惯、合理的体育锻炼、简单自疗法、健康的饮食习惯、有降脂作用的食物、降脂中药及药膳等。 | |
| 410 | 0 | @12001 @a家庭保健百科 |
| 606 | 0 | @a高血脂病@x防治 |
| 690 | @aR589.2@v4 | |
| 701 | 0 | @a李成卫@Ali cheng wei@4主编 |
| 702 | 0 | @a黄佳@Ahuang jia@4副主编 |
| 702 | 0 | @a金芬芳@Ajin fen fang@4副主编 |
| 801 | 0 | @aCN@c20100515 |
| 905 | @dR589.2@eL130@f5 | |
| 降低血脂100法/李成卫主编/黄佳, 金芬芳副主编.-北京:中国纺织出版社,2009.06 |
| 96页:图;24cm.-(家庭保健百科) |
| ISBN 978-7-5064-5682-1:CNY16.00 |
| 本书共分八章,介绍了降低血脂的方法,包括良好的生活习惯、合理的体育锻炼、简单自疗法、健康的饮食习惯、有降脂作用的食物、降脂中药及药膳等。 |
| ● |
| 相关链接 |
|
|
|
正题名:降低血脂100法
索取号:R589.2/L130
 
预约/预借
| 序号 | 登录号 | 条形码 | 馆藏地/架位号 | 状态 | 备注 |
| 1 | 998018 | 209980181 | 自科库401/401自科库 19排1列5层/ [索取号:R589.2/L130] | 在馆 | |
| 2 | 998019 | 209980190 | 自科库401/401自科库 19排1列5层/ [索取号:R589.2/L130] | 在馆 | |
| 3 | 998020 | 209980207 | 自科库401/401自科库 19排1列5层/ [索取号:R589.2/L130] | 在馆 | |
| 4 | 998021 | 209980216 | 自科库401/401自科库 19排1列5层/ [索取号:R589.2/L130] | 在馆 | |
| 5 | 998022 | 209980225 | 自科库401/401自科库 19排1列5层/ [索取号:R589.2/L130] | 在馆 |